000 00466nam a2200157 i 4500
001 147883
003 ES-MaACL
005 20230906202315.0
007 t|
008 071008s1965 sp ||||1| spa d
100 1 _aUrritia Echaniz, Julio de.
_9112235
245 1 3 _aEl cerro de los héroes /
_cJulio Urritia Echaniz.
260 _aMadrid :
_bEdit. S. E.I.,
_c1965.
300 _a487 p., 5 h. con 2 lám. :
_bil. ;
_c22 cm.
852 _aES-MaACL
_jC-28246
_bR.57540
999 _c147883
_d147883